Rovio Media - Statistics

General Stats
  • This quiz has been taken 3 times
  • The average score is 29 of 155
Answer Stats
Year Media Type Answer % Correct
2009 AB Game Angry Birds
100%
2015 AB Game Angry Birds 2
100%
2017 AB Series Angry Birds Blues
100%
2014 AB Game Angry Birds Epic
100%
2017 AB Game Angry Birds Evolution
100%
2015 AB Spinoff Angry Birds Fight!
100%
2013 AB Game Angry Birds Friends
100%
2012 AB Spinoff Angry Birds Friends
100%
2013 AB Game Angry Birds Go!
100%
2015 AB Spinoff Angry Birds POP!
100%
2011 AB Game Angry Birds Rio
100%
2010 AB Game Angry Birds Seasons
100%
2012 AB Game Angry Birds Space
100%
2012 AB Game Angry Birds Star Wars
100%
2013 AB Game Angry Birds Star Wars 2
100%
2014 AB Game Angry Birds Stella
100%
2014-2016 AB Series Angry Birds Stella
100%
2013-2016 AB Series Angry Birds Toons
100%
2014 AB Spinoff Angry Birds Transformers
100%
2016 AB Movie The Angry Birds Movie
100%
2019 AB Movie The Angry Birds Movie 2
100%
2016 AB Spinoff Angry Birds Blast!
50%
2011 AB Game Angry Birds Chrome
50%
2012 AB Promo Angry Birds Coca-Cola
50%
2019 AB Spinoff Angry Birds Dream Blast
50%
2014-2016 AB Magazine Angry Birds Magazine
50%
2019-2020 AB Series Angry Birds MakerSpace
50%
2017 AB Spinoff Angry Birds Match
50%
2018-2020 AB Series Angry Birds On The Run
50%
2020-2022 AB Series Angry Birds Slingshot Stories
50%
2021 AB Spinoff Angry Birds Smash
50%
2022 AB Series Angry Birds: Summer Madness
50%
2011 AB Promo Angry Birds Vuela Tazos
50%
2012 AB Spinoff Bad Piggies
50%
2014-2019 AB Series Piggy Tales
50%
2014 Game Retry
50%
2012 Game Amazing Alex
0%
2016 AB Spinoff Angry Birds Action!
0%
2019 AB Spinoff Angry Birds AR: Isle of Pigs
0%
2020 AB Promo Angry Birds at Topgolf
0%
2021 AB Spinoff Angry Birds: Bird Island
0%
2018 AB Series Angry Birds BirLd Cup
0%
2013 AB Promo Angry Birds Breakfast
0%
2020-2021 AB Series Angry Birds Bubble Trouble
0%
2018 AB Spinoff Angry Birds Champions
0%
2012 AB Promo Angry Birds Cheetos
0%
2013 AB Promo Angry Birds Cheetos 2
0%
2015 AB Spinoff Angry Birds Dawn of Piggy Island
0%
2021 AB Promo Angry Birds Egg Attack
0%
2012 AB Book Angry Birds: Fed up, Feathered, and Furious
0%
2015 AB Spinoff Angry Birds for Kakao
0%
2012 AB Book Angry Birds: Fowl Play Sticker Activity Book
0%
2011 AB Spinoff Angry Birds Free with Magic
0%
2012 AB Promo Angry Birds Fuji TV
0%
2012? AB Book Angry Birds Furious Forces!: The Physics at Play in the World's Most Popular Game
0%
2011 AB Game Angry Birds Google+
0%
2013 AB Book Angry Birds: Hatching a Universe
0%
2012 AB Promo Angry Birds Heikki
0%
??? AB Promo Angry Birds in The Hunt For The Golden Pistachio
0%
2012 AB Promo Angry Birds in Ultrabook Adventure
0%
2018 AB Game Angry Birds Island
0%
2022 AB Game Angry Birds Journey
0%
??? AB Promo Angry Birds Lotus F1 Team
0%
2022 AB Spinoff Angry Birds: Mayhem Simulator
0%
2012 AB Promo Angry Birds McDonald's
0%
??? AB Book Angry Birds Mission: Pig-Possible
0%
2019 AB Spinoff Angry Birds Movie 2: Prank Attack VR
0%
2013 AB Book Angry Birds: Mystery of the Green Bird
0%
2016 AB Book Angry Birds: No Need for Speed
0%
2013 AB Book Angry Birds: Official Sticker Book
0%
2012 AB Promo Angry Birds Philadelphia Eagles
0%
2013 AB Book Angry Birds: Pig and Mix Puzzle Book
0%
2012 AB Book Angry Birds Playground: Animals: An Around-The-World Habitat Adventure
0%
2017 AB Promo Angry Birds Radox
0%
2021 AB Game Angry Birds Reloaded
0%
2012 AB Book Angry Birds Space: A Furious Flight into the Final Frontier
0%
2012 AB Book Angry Birds Space: Colors
0%
2016 AB Promo Angry Birds Starburst
0%
2014 AB Book Angry Birds Star Wars Character Encyclopedia
0%
2012 AB Game Angry Birds Star Wars Facebook
0%
2013 AB Book Angry Birds Star Wars: Lard Vader's Villains
0%
2013 AB Book Angry Birds Star Wars: Yoda Bird's Heroes
0%
2016 AB Book Angry Birds Stella Diaries: Dahlia and The Ultimate Invention
0%
2016 AB Book Angry Birds Stella Diaries: Gale Has a Ball
0%
2016 AB Book Angry Birds Stella Diaries: Luca's Lost Voice
0%
2016 AB Book Angry Birds Stella Diaries: Poppy's Perfect Prank
0%
2016 AB Book Angry Birds Stella Diaries: Stella Runs Away!
0%
2016 AB Book Angry Birds Stella Diaries: Willow Takes the Stage
0%
??? AB Spinoff Angry Birds Stomper Redemption
0%
2012 AB Promo Angry Birds Telepizza
0%
2014 AB Book Angry Birds: Treasure Island
0%
2012/2013 AB Game Angry Birds Trilogy
0%
2011 AB Promo Angry Birds Volcano
0%
2019 AB Spinoff Angry Birds VR: Isle of Pigs
0%
??? AB Spinoff Angry Birds Whacker
0%
2011 AB Promo Angry Birds Winter Wonderland
0%
2016 AB Spinoff Angry Birds World Tour
0%
2018 AB Series Angry Birds Zero Gravity
0%
2012 AB Book Bad Piggies' Egg Recipes
0%
2017 Game Battle Bay
0%
2016? AB Book Big Trouble on Bird Island
0%
2008 Bounce game Bounce Boing Voyage
0%
2009 Bounce Game Bounce Evolution
0%
2008 Bounce Game Bounce Tales
0%
2008 Bounce Game Bounce Touch
0%
2008 Game Burger Rush
0%
2007 Game Burnout
0%
2022 AB Promo Catch the Hatchlings
0%
2008 Game Collapse Chaos
0%
2006 Game Cyber Blood
0%
2005/2009 DF Game Darkest Fear
0%
2006 DF Game Darkest Fear 2: Grim Oak
0%
2006 DF Game Darkest Fear 3: Nightmare
0%
2012 AB Book Darth Swindle's Secrets
0%
2006 Game Desert Sniper
0%
2007 Game Dragon & Jade
0%
2018 AB Spinoff Flip the Bird
0%
2005 Game Formula GP Racing
0%
2008 Game Gem Drop Deluxe
0%
2015 AB Book Hunters of the Jade Egg
0%
2003 Game King of the Cabbage World
0%
2012? AB Book Learn to Draw Angry Birds
0%
2015 Game Love Rocks Starring Shakira
0%
2007 Game Marine Sniper
0%
2004 Game Mole War
0%
2006 Game Need For Speed: Carbon
0%
2015 Game Nibblers
0%
2004 Game Paid to Kill
0%
2008 Game Paper Planes
0%
2012 AB Book Path To The Pork Side
0%
2007 Game Patron Angel
0%
2005 Game Playman Winter Games
0%
2014/2015 Game Plunder Pirates
0%
2022 AB Game Rovio Classics: Angry Birds
0%
2007 Game Shopping Madness
0%
2015 Game Sky Punks
0%
2020 Game Small Town Murders: Match 3
0%
2010 Game Space Impact: Meteor Shield
0%
2007 Game Star Marine
0%
? AB Book Stella: Nana and the Magic English Words
0%
2019 Game Sugar Blast
0%
2007 Game Sumea Ski Jump
0%
2008 Game SWAT Elite Troops
0%
2019 AB Spinoff The Angry Birds Movie 2 VR: Under Pressure
0%
2016 AB Book The Art of the Angry Birds Movie
0%
2013 Game The Croods
0%
2013 AB Book The World of Angry Birds Official Guide
0%
2013 Game Tiny Thief
0%
2008 Game Totomi
0%
2006 Game US Marine Corps Scout Sniper
0%
2005 WD Game War Diary: Burma
0%
2005 WD Game War Diary: Crusader
0%
2005 WD Game War Diary: Torpedo
0%
2006 Game Wolf Moon
0%
2008 Game X Factor 2008
0%
No matching quizzes found
Score Distribution
Percent of People with Each Score
Percentile by Number Answered
Your Score History
You have not taken this quiz